000 00505nam a2200145 4500
999 _c10182
_d10182
008 180804b ||||| |||| 00| 0 eng d
022 _a2094-8042
082 _aDPer 370.105 M72 June 2010-Mar 2011 v. 59 n. 1-10
100 _930050
_aLuna, Gabriel L.
245 _aEaster candle:
_bthe source of light/
_cGabriel L. Luna.
260 _aPhilippines;
_bIn The Grade School, Inc.,
_cc2010-2011.
300 _av59 n10, page 427:
_billustrations;
_c27cm.
650 0 _930051
_aCandles
_xEaster.
942 _2ddc
_cPER